| 000 -LEADER |
| fixed length control field |
00631pam a2200229 i 4500 |
| 001 - CONTROL NUMBER |
| control field |
3194665 |
| 005 - DATE AND TIME OF LATEST TRANSACTION |
| control field |
20180115044949.0 |
| 008 - FIXED-LENGTH DATA ELEMENTS--GENERAL INFORMATION |
| fixed length control field |
771215t19801979enka b 001 0 eng |
| 010 ## - LIBRARY OF CONGRESS CONTROL NUMBER |
| LC control number |
77030496 |
| 020 ## - INTERNATIONAL STANDARD BOOK NUMBER |
| International Standard Book Number |
0080219446 |
| 040 ## - CATALOGING SOURCE |
| Original cataloging agency |
DLC |
| Transcribing agency |
DLC |
| Modifying agency |
DLC |
| 041 1# - LANGUAGE CODE |
| Language code of text/sound track or separate title |
engrus |
| 080 ## - UNIVERSAL DECIMAL CLASSIFICATION NUMBER |
| Universal Decimal Classification number |
359.009 GOR |
| 082 00 - DEWEY DECIMAL CLASSIFICATION NUMBER |
| Classification number |
359.009 GOR |
| 100 1# - Rafti |
| Rafti |
16 |
| 101 ## - Shkurtesa |
| Shkurtesa |
HIS |
| 240 10 - UNIFORM TITLE |
| Uniform title |
<a href="Morskai︠a︡ moshchʹ gosudarstva.">Morskai︠a︡ moshchʹ gosudarstva.</a> |
| Language of a work |
English |
| 245 14 - TITLE STATEMENT |
| Title |
The sea power of the state / |
| Statement of responsibility, etc |
by S.G. Gorshkov. |
| 504 ## - BIBLIOGRAPHY, ETC. NOTE |
| Bibliography, etc |
Includes bibliographical references and index. |
| 906 ## - LOCAL DATA ELEMENT F, LDF (RLIN) |
| a |
7 |
| b |
cbc |
| c |
orignew |
| d |
1 |
| e |
ocip |
| f |
19 |
| g |
y-gencatlg |
| 942 ## - ADDED ENTRY ELEMENTS (KOHA) |
| Source of classification or shelving scheme |
|
| Item type |
Books |